| 000 | 00874cam a22001934a 4500 | ||
|---|---|---|---|
| 005 | 20250605164117.0 | ||
| 008 | 250528s ||||||||||||||||||||||||d | ||
| 035 | _a18111 | ||
| 020 | _a1857282485 | ||
| 040 |
_aGR-AtMCL _bgre _dGR-AtMCL _eAACR2 |
||
| 245 | 1 | _aFunctional Programming with Miranda | |
| 260 |
_bUcl Press, _c1991 |
||
| 300 | _a216 | ||
| 520 | _aThis book introduces not just a programming language but also a style of programming - the declarative style - in which less emphasis is put on programming detail and more on problem solving. Functional Languages, Miranda, The Design of Functions, The Design of Modules, The Design of Programs, High Level Implementation, Low Level Implementation, The Meaning of Programs, Other Functional Languages, Bibliography, Index. | ||
| 700 | 1 |
_aHolyer Ian _94401 |
|
| 942 | _cBK | ||
| 999 |
_c3495 _d3495 |
||